[Event "Belgrade-chT"]
[Site "Belgrade"]
[Date "2020.10.11"]
[Round "7.1"]
[White "Marinovic, Bozidar"]
[Black "Martic, Ivan"]
[Result "1/2-1/2"]
[WhiteElo "2353"]
[BlackElo "2357"]
[PlyCount "20"]
[EventDate "2020.10.04"]
[EventType "team-tourn"]
[EventRounds "9"]
[EventCountry "SRB"]
[SourceTitle "EXT 2022"]
[Source "ChessBase"]
[SourceDate "2021.10.06"]
[SourceVersion "1"]
[SourceVersionDate "2021.10.06"]
[SourceQuality "1"]
[WhiteTeam "Politika"]
[BlackTeam "Belgrade"]
[WhiteTeamCountry "SRB"]
[BlackTeamCountry "SRB"]

1. e4 c6 2. Nc3 d5 3. Nf3 Bg4 4. h3 Bh5 5. exd5 cxd5 6. Bb5+ Nc6 7. g4 Bg6 8. Ne5 Qd6 9. d4 f6 10. Nxg6 hxg6 1/2-1/2

[Event "Belgrade-chT"]
[Site "Belgrade"]
[Date "2020.10.04"]
[Round "1.1"]
[White "Strugnell, Carl"]
[Black "Marinovic, Bozidar"]
[Result "1-0"]
[WhiteElo "2258"]
[BlackElo "2353"]
[PlyCount "86"]
[EventDate "2020.10.04"]
[EventType "team-tourn"]
[EventRounds "9"]
[EventCountry "SRB"]
[SourceTitle "EXT 2022"]
[Source "ChessBase"]
[SourceDate "2021.10.06"]
[SourceVersion "1"]
[SourceVersionDate "2021.10.06"]
[SourceQuality "1"]
[WhiteTeam "MZ Cirilo i Metodije"]
[BlackTeam "Politika"]
[WhiteTeamCountry "SRB"]
[BlackTeamCountry "SRB"]

1. e4 g6 2. d4 Bg7 3. Nf3 d6 4. c3 Nf6 5. Bd3 0-0 6. 0-0 Nc6 7. Re1 e5 8. h3 Re8 9. d5 Nb8 10. c4 c5 11. Nc3 Nh5 12. a3 Na6 13. Bf1 h6 14. Bd2 Kh7 15. g3 Qe7 16. Kg2 Nf6 17. Bd3 Qf8 18. Rb1 Kh8 19. Bc2 Rd8 20. b4 Ng8 21. Be3 b6 22. Ba4 Ne7 23. Bc6 Nxc6 24. dxc6 Nc7 25. b5 Kh7 26. Ng1 Be6 27. Nd5 Nxd5 28. cxd5 Bc8 29. f3 Qe7 30. Qd2 Rf8 31. a4 f5 32. Bf2 f4 33. g4 h5 34. a5 Bf6 35. Ra1 Rb8 36. axb6 axb6 37. Ra3 Rf7 38. Rea1 Kh6 39. Qe1 Rh7 40. R1a2 Rf7 41. Qa1 hxg4 42. hxg4 Qe8 43. Ra7 Bd8 1-0

[Event "Vojvodina-chT"]
[Site "Kac"]
[Date "2016.11.17"]
[Round "3.6"]
[White "Cvetanovic, Damjan"]
[Black "Marinovic, Bozidar"]
[Result "1/2-1/2"]
[WhiteElo "2050"]
[BlackElo "2375"]
[PlyCount "42"]
[EventDate "2016.11.15"]
[EventType "team-tourn"]
[EventRounds "11"]
[EventCountry "SRB"]
[SourceTitle "CBM 175 Extra"]
[Source "ChessBase"]
[SourceDate "2016.12.12"]
[SourceVersion "1"]
[SourceVersionDate "2016.12.12"]
[SourceQuality "1"]
[WhiteTeam "Vojvodina"]
[BlackTeam "Omladinac"]
[WhiteTeamCountry "SRB"]
[BlackTeamCountry "SRB"]

1. d4 d6 2. Nf3 Bg4 3. e4 Nf6 4. Nc3 e6 5. Be2 Be7 6. 0-0 0-0 7. Be3 d5 8. exd5 exd5 9. h3 Bxf3 10. Bxf3 c6 11. Ne2 Nbd7 12. b3 Re8 13. c4 Ne4 14. Bxe4 dxe4 15. d5 cxd5 16. Qxd5 Qc8 17. Bd4 Bf6 18. Rad1 Bxd4 19. Rxd4 Nf6 20. Qg5 h6 21. Qe3 Qc6 1/2-1/2

[Event "Vojvodina-chT"]
[Site "Novi Sad"]
[Date "2015.11.12"]
[Round "3.4"]
[White "Marinovic, Bozidar"]
[Black "Tomic, Vjekoslav"]
[Result "1-0"]
[WhiteElo "2391"]
[BlackElo "2232"]
[PlyCount "71"]
[EventDate "2015.11.10"]
[EventType "team-tourn"]
[EventRounds "9"]
[EventCountry "SRB"]
[SourceTitle "CBM 169 Extra"]
[Source "ChessBase"]
[SourceDate "2015.12.18"]
[SourceVersion "1"]
[SourceVersionDate "2015.12.18"]
[SourceQuality "1"]
[WhiteTeam "Novi Banovci Omladinac"]
[BlackTeam "Beska Hajduk"]
[WhiteTeamCountry "SRB"]
[BlackTeamCountry "SRB"]

1. e4 c5 2. Nf3 d6 3. d4 cxd4 4. Qxd4 Nc6 5. Bb5 Bd7 6. Bxc6 bxc6 7. c4 e5 8. Qd3 h6 9. 0-0 Qc7 10. Nc3 Nf6 11. Rb1 Be7 12. Ne1 0-0 13. Nc2 Rfe8 14. Ne3 Be6 15. b4 a6 16. Bd2 Red8 17. Rfd1 Qb7 18. Be1 Rd7 19. a4 Rc8 20. b5 axb5 21. axb5 c5 22. f3 Ra8 23. Ra1 Qb8 24. Ncd5 Bd8 25. Nxf6+ Bxf6 26. Bc3 Bg5 27. Nd5 Rda7 28. Rxa7 Rxa7 29. Bd2 Bd8 30. f4 Qa8 31. fxe5 Ra3 32. Qf1 dxe5 33. Bc1 Bg4 34. Bxa3 Bxd1 35. Qxd1 Qxa3 36. Qb1 1-0

[Event "SRB-chT"]
[Site "Kragujevac"]
[Date "2013.09.02"]
[Round "10.4"]
[White "Marinovic, Bozidar"]
[Black "Radusinovic, Lazar"]
[Result "1/2-1/2"]
[WhiteElo "2391"]
[BlackElo "2306"]
[PlyCount "64"]
[EventDate "2013.08.24"]
[EventType "team-tourn"]
[EventRounds "11"]
[EventCountry "SRB"]
[SourceTitle "CBM 156 Extra"]
[Source "ChessBase"]
[SourceDate "2013.10.22"]
[SourceVersion "1"]
[SourceVersionDate "2013.10.22"]
[SourceQuality "1"]
[WhiteTeam "Kac Jugovic"]
[BlackTeam "Belgrade Delfin"]
[WhiteTeamCountry "SRB"]
[BlackTeamCountry "SRB"]

1. e4 c5 2. Nf3 Nc6 3. Bb5 d6 4. d4 cxd4 5. Qxd4 Bd7 6. Bxc6 Bxc6 7. Nc3 h6 8. Qd3 e5 9. Nd2 Nf6 10. Nc4 b5 11. Ne3 a6 12. 0-0 b4 13. Ncd5 Nxd5 14. Nxd5 Bb5 15. c4 bxc3 16. Qxc3 Rc8 17. Qa3 Bxf1 18. Kxf1 Be7 19. Qa4+ Kf8 20. Be3 g6 21. Qxa6 Kg7 22. Qd3 Bg5 23. Bb6 Qd7 24. a4 f5 25. b4 Rhf8 26. b5 fxe4 27. Qxe4 Qb7 28. g3 Bd8 29. Be3 Bg5 30. Bb6 Bd8 31. Be3 Bg5 32. Bb6 Bd8 1/2-1/2

[Event "SRB-chT"]
[Site "Valjevo"]
[Date "2012.09.26"]
[Round "10.3"]
[White "Marinovic, Bozidar"]
[Black "Ostojic, Nikola"]
[Result "1/2-1/2"]
[WhiteElo "2390"]
[BlackElo "2443"]
[PlyCount "40"]
[EventDate "2012.09.17"]
[EventType "team-tourn"]
[EventRounds "11"]
[EventCountry "SRB"]
[SourceTitle "CBM 150 Extra"]
[Source "ChessBase"]
[SourceDate "2012.10.19"]
[SourceVersion "1"]
[SourceVersionDate "2012.10.19"]
[SourceQuality "1"]
[WhiteTeam "Kac Jugovic"]
[BlackTeam "Belgrade Lasta"]
[WhiteTeamCountry "SRB"]
[BlackTeamCountry "SRB"]

1. e4 d5 2. exd5 Qxd5 3. Nc3 Qa5 4. d4 Nf6 5. Nf3 c6 6. Bc4 Bf5 7. Ne5 e6 8. Bd2 Nbd7 9. Nxd7 Nxd7 10. Qe2 Bb4 11. a3 0-0-0 12. 0-0 Bxc3 13. Bxc3 Qc7 14. b4 Nf6 15. f3 Nd5 16. Bd2 Rhe8 17. Rfe1 h6 18. Rac1 g5 19. c3 Kb8 20. a4 f6 1/2-1/2

[Event "SRB-chT"]
[Site "Valjevo"]
[Date "2012.09.17"]
[Round "1.2"]
[White "Miljkovic, Miroslav D"]
[Black "Marinovic, Bozidar"]
[Result "1/2-1/2"]
[WhiteElo "2467"]
[BlackElo "2390"]
[PlyCount "67"]
[EventDate "2012.09.17"]
[EventType "team-tourn"]
[EventRounds "11"]
[EventCountry "SRB"]
[SourceTitle "CBM 150 Extra"]
[Source "ChessBase"]
[SourceDate "2012.10.19"]
[SourceVersion "1"]
[SourceVersionDate "2012.10.19"]
[SourceQuality "1"]
[WhiteTeam "Nis"]
[BlackTeam "Kac Jugovic"]
[WhiteTeamCountry "SRB"]
[BlackTeamCountry "SRB"]

1. d4 d6 2. Nf3 Bg4 3. c4 c6 4. Nc3 Nf6 5. g3 Bxf3 6. exf3 d5 7. Qb3 Qd7 8. Bg5 e6 9. Bxf6 gxf6 10. Bd3 Be7 11. 0-0 Kf8 12. Rfe1 Kg7 13. Re2 f5 14. cxd5 cxd5 15. Rc2 Rc8 16. Rac1 Bf6 17. Bb5 Nc6 18. Ne2 Rc7 19. Bxc6 Rxc6 20. Rxc6 bxc6 21. Qe3 h6 22. h4 Kh7 23. Nf4 Rb8 24. Nd3 Qd6 25. b3 Rb7 26. Kg2 Kg7 27. Rc2 Kh7 28. f4 Kg7 29. Ne5 Rc7 30. Rc5 Bxe5 31. fxe5 Qd7 32. Qc1 Qc8 33. b4 Qa6 34. Qc2 1/2-1/2

[Event "SRB-chT Cup"]
[Site "Kragujevac"]
[Date "2012.05.18"]
[Round "5"]
[White "Marinovic, Bozidar"]
[Black "Kovacevic, Aleksandar"]
[Result "1/2-1/2"]
[WhiteElo "2396"]
[BlackElo "2557"]
[PlyCount "66"]
[EventDate "2012.05.14"]
[EventType "team-swiss"]
[EventRounds "7"]
[EventCountry "SRB"]
[SourceTitle "CBM 148 Extra"]
[Source "ChessBase"]
[SourceDate "2012.06.22"]
[SourceVersion "1"]
[SourceVersionDate "2012.06.22"]
[SourceQuality "1"]
[WhiteTeam "Jugovic Kac"]
[BlackTeam "Novi Sad DDOR"]
[WhiteTeamCountry "SRB"]
[BlackTeamCountry "SRB"]

1. e4 c5 2. Nf3 d6 3. Bb5+ Nd7 4. d4 cxd4 5. Qxd4 a6 6. Bxd7+ Bxd7 7. a4 e5 8. Qd3 h6 9. c4 Nf6 10. Nc3 Be7 11. 0-0 0-0 12. Bd2 Qc7 13. Rfc1 Rfc8 14. b3 b6 15. Ne1 Qb7 16. Nc2 Be6 17. f3 Nd7 18. Ne3 Nc5 19. Qc2 Bg5 20. Rab1 Rab8 21. Ned5 Bxd5 22. Nxd5 Ne6 23. Qd3 Rd8 24. Rc3 Rd7 25. Be1 b5 26. cxb5 axb5 27. axb5 Qxb5 28. Qxb5 Rxb5 29. b4 g6 30. h4 Bd8 31. Bf2 Nf4 32. Nxf4 exf4 33. Rd3 Rdb7 1/2-1/2

[Event "Vojvodina-chT2"]
[Site "Vrbas"]
[Date "2011.09.30"]
[Round "8"]
[White "Sekulic, Dusan"]
[Black "Marinovic, Bozidar"]
[Result "1-0"]
[WhiteElo "2302"]
[BlackElo "2405"]
[PlyCount "85"]
[EventDate "2011.09.25"]
[EventType "team-tourn"]
[EventRounds "11"]
[EventCountry "SRB"]
[SourceTitle "CBM 144 Extra"]
[Source "ChessBase"]
[SourceDate "2011.10.28"]
[SourceVersion "1"]
[SourceVersionDate "2011.10.28"]
[SourceQuality "1"]

1. d4 d6 2. Nf3 Bg4 3. g3 Bxf3 4. exf3 d5 5. c4 c6 6. Nc3 e6 7. Qb3 Qd7 8. Bf4 Ne7 9. c5 Ng6 10. Be3 Qc8 11. h4 h5 12. Bh3 Nd7 13. 0-0 Ne7 14. Rfe1 Nf6 15. Bg5 Nh7 16. Bf4 Ng6 17. Bd2 Be7 18. Qc2 Ngf8 19. f4 g6 20. b4 Nf6 21. a4 Ng4 22. f5 exf5 23. f3 Nh6 24. Ne2 Ne6 25. Nf4 Ng8 26. Rxe6 fxe6 27. Nxg6 Rh7 28. Kh2 Bf6 29. Re1 Re7 30. Nxe7 Nxe7 31. Bg5 Kf7 32. f4 Qd7 33. Qe2 Ng6 34. Bxf6 Kxf6 35. Qxh5 Rh8 36. Qg5+ Kf7 37. h5 Nf8 38. h6 Rg8 39. Qh5+ Kf6 40. g4 Qf7 41. Qh4+ Kg6 42. gxf5+ exf5 43. h7 1-0

[Event "Vojvodina-chT2"]
[Site "Vrbas"]
[Date "2011.09.25"]
[Round "1"]
[White "Marinovic, Bozidar"]
[Black "Tokovic, Svetozar"]
[Result "1-0"]
[WhiteElo "2405"]
[BlackElo "2219"]
[PlyCount "91"]
[EventDate "2011.09.25"]
[EventType "team-tourn"]
[EventRounds "11"]
[EventCountry "SRB"]
[SourceTitle "CBM 144 Extra"]
[Source "ChessBase"]
[SourceDate "2011.10.28"]
[SourceVersion "1"]
[SourceVersionDate "2011.10.28"]
[SourceQuality "1"]

1. e4 e6 2. d3 d5 3. Nd2 Nf6 4. Ngf3 c5 5. g3 Nc6 6. Bg2 Be7 7. 0-0 0-0 8. Re1 b5 9. exd5 exd5 10. d4 c4 11. Ne5 Bb7 12. Ndf3 Nd7 13. Bf4 Ndxe5 14. Nxe5 Nxe5 15. Bxe5 Bf6 16. Qf3 Bxe5 17. Rxe5 Re8 18. Rae1 Rxe5 19. Rxe5 Qd6 20. Qe2 Bc6 21. h4 h6 22. c3 a5 23. Qh5 Rd8 24. g4 b4 25. g5 hxg5 26. hxg5 bxc3 27. bxc3 g6 28. Qe2 Kf8 29. Bf3 Re8 30. Rxe8+ Bxe8 31. Qe5 Qxe5 32. dxe5 Bc6 33. Kh2 Ke7 34. Kg3 Bb7 35. Kf4 Kd7 36. Bg4+ Kc6 37. e6 fxe6 38. Bxe6 Kd6 39. Bf7 d4 40. Bxg6 dxc3 41. Ke3 Kc5 42. a3 Bc6 43. Bc2 Bd5 44. f4 Bg8 45. Ke4 Bd5+ 46. Ke5 1-0

[Event "SRB-chT"]
[Site "Belgrade"]
[Date "2010.10.10"]
[Round "10"]
[White "Marinovic, Bozidar"]
[Black "Popovic, Aleksandar M"]
[Result "1/2-1/2"]
[WhiteElo "2398"]
[BlackElo "2271"]
[PlyCount "22"]
[EventDate "2010.10.01"]
[EventType "team-tourn"]
[EventRounds "11"]
[EventCountry "YUG"]
[SourceTitle "CBM 138 Extra"]
[Source "ChessBase"]
[SourceDate "2010.10.29"]
[SourceVersion "1"]
[SourceVersionDate "2010.10.29"]
[SourceQuality "1"]

1. e4 e5 2. Nf3 Nc6 3. Nc3 Nf6 4. Bb5 Bd6 5. d3 a6 6. Ba4 0-0 7. 0-0 h6 8. Ne2 Re8 9. c3 Bf8 10. Ng3 d5 11. Re1 b5 1/2-1/2

[Event "Belgrade tt Cup"]
[Site "Belgrade"]
[Date "2010.04.16"]
[Round "3.1"]
[White "Marinovic, Bozidar"]
[Black "Sarenac, Ivan"]
[Result "1/2-1/2"]
[WhiteElo "2393"]
[BlackElo "2374"]
[PlyCount "137"]
[EventDate "2010.04.14"]
[EventType "team-tourn"]
[EventRounds "5"]
[EventCountry "SRB"]
[SourceTitle "EXT 2012"]
[Source "ChessBase"]
[SourceDate "2011.11.24"]
[SourceVersion "1"]
[SourceVersionDate "2011.11.24"]
[SourceQuality "1"]

1. d4 Nf6 2. Nf3 g6 3. Bf4 Bg7 4. e3 0-0 5. h3 d6 6. Be2 c5 7. c3 b6 8. 0-0 Bb7 9. a4 a6 10. Nbd2 Nbd7 11. Bh2 cxd4 12. cxd4 Nd5 13. Qb3 a5 14. Nb1 Nb4 15. Nc3 Nf6 16. Nd2 Rb8 17. Rac1 Qd7 18. Nb5 Rfc8 19. Bf3 Bxf3 20. Nxf3 Ne4 21. Nc3 Nf6 22. Bg3 h6 23. Nh4 Kf8 24. Nf3 Qb7 25. Rfd1 Ne4 26. Nxe4 Qxe4 27. Ne1 Qd5 28. Qxd5 Nxd5 29. Nd3 f5 30. Kf1 Ke8 31. Ke2 Kd7 32. f3 Rxc1 33. Rxc1 Rc8 34. Rxc8 Kxc8 35. Bf2 Kd7 36. e4 fxe4 37. fxe4 Nf6 38. d5 Nxe4 39. Bxb6 Nf6 40. Bd4 Ne8 41. Ke3 e5 42. dxe6+ Kxe6 43. b4 axb4 44. Nxb4 Bf8 45. Nd3 g5 46. a5 Nc7 47. Ke4 Be7 48. g4 Na6 49. Bb6 Bf6 50. Bd4 Bd8 51. Bc3 d5+ 52. Ke3 Be7 53. Bd4 Bd8 54. Bb6 Be7 55. Kd4 Bf6+ 56. Ke3 Be7 57. Ne1 Bc5+ 58. Bxc5 Nxc5 59. Nd3 Na6 60. Kd4 Kd6 61. Ne5 Ke6 62. Nd3 Kd6 63. Kc3 Nc7 64. Kb4 Ne6 65. a6 Kc6 66. Ne5+ Kb6 67. Nf7 Kxa6 68. Nxh6 Kb6 69. Nf5 1/2-1/2

[Event "Belgrade-chT"]
[Site "Belgrade"]
[Date "2009.10.12"]
[Round "9"]
[White "Cvetkovic, Srdjan"]
[Black "Marinovic, Bozidar"]
[Result "1-0"]
[WhiteElo "2382"]
[BlackElo "2402"]
[PlyCount "65"]
[EventDate "2009.10.04"]
[EventType "team-tourn"]
[EventRounds "9"]
[EventCountry "YUG"]
[SourceTitle "CBM 132 Extra"]
[Source "ChessBase"]
[SourceDate "2009.11.03"]
[SourceVersion "1"]
[SourceVersionDate "2009.11.03"]
[SourceQuality "1"]

1. c4 d6 2. Nc3 e5 3. d4 Nf6 4. Nf3 Nbd7 5. e4 Be7 6. Be2 0-0 7. 0-0 Re8 8. Qc2 exd4 9. Nxd4 Bf8 10. Bf4 Nc5 11. Bf3 Nfd7 12. b4 Ne6 13. Nxe6 fxe6 14. Rad1 e5 15. Be3 c6 16. Bg4 Nf6 17. Bxc8 Qxc8 18. f3 Qe6 19. Qb3 a6 20. Na4 Rad8 21. Nb6 Be7 22. Rd2 h6 23. Rfd1 g5 24. c5 Qxb3 25. axb3 dxc5 26. bxc5 Rxd2 27. Rxd2 Kf7 28. Nc4 Ke6 29. b4 Rd8 30. Na5 Rb8 31. h4 Nh7 32. hxg5 hxg5 33. Kf2 1-0

[Event "Belgrade-chT"]
[Site "Belgrade"]
[Date "2009.10.04"]
[Round "1"]
[White "Todorovic, Goran N"]
[Black "Marinovic, Bozidar"]
[Result "1/2-1/2"]
[WhiteElo "2384"]
[BlackElo "2402"]
[PlyCount "32"]
[EventDate "2009.10.04"]
[EventType "team-tourn"]
[EventRounds "9"]
[EventCountry "YUG"]
[SourceTitle "CBM 132 Extra"]
[Source "ChessBase"]
[SourceDate "2009.11.03"]
[SourceVersion "1"]
[SourceVersionDate "2009.11.03"]
[SourceQuality "1"]

1. d4 d5 2. Nf3 c6 3. c4 Nf6 4. Nc3 e6 5. e3 Nbd7 6. Bd3 Be7 7. 0-0 0-0 8. e4 dxe4 9. Nxe4 Nxe4 10. Bxe4 c5 11. Be3 Nf6 12. Bc2 b6 13. dxc5 Bxc5 14. Bxc5 bxc5 15. Qxd8 Rxd8 16. Rfd1 Bb7 1/2-1/2